| 000 | 00930nam0a22002651 4500 | ||
|---|---|---|---|
| 001 | rc\4150648 | ||
| 005 | 20250611111315.0 | ||
| 021 |
_aRU _b[49-27829] |
||
| 035 | _a(NLR Aleph) 008169592 | ||
| 090 |
_a7845937 _c7845937 |
||
| 100 | _a20130415d1949 |||y0rusy50 ca | ||
| 101 | 0 | _arus | |
| 102 | _aRU | ||
| 105 | _ay z ||||| | ||
| 200 | 1 |
_aСтенографический отчет _fX Съезд профессиональных союзов СССР. 19-27-е апр. 1949 г. |
|
| 210 |
_a[Москва] _cИзд-во и 1-я тип. Профиздата _d1949 |
||
| 215 |
_a632 с. _d23 |
||
| 606 |
_aПрофсоюзная работа _2psbo |
||
| 606 |
_aПрофессиональные союзы СССР _2psbo |
||
| 710 | 1 | 2 | _aСъезд профсоюзов СССР (10; 1949; Москва) |
| 801 | 0 |
_aRU _bNLR _gpsbo |
|
| 801 | 1 |
_aRU _bELAR _2rusmarc |
|
| 852 |
_aNLR _jИр70 Г-5/4 |
||
| 942 | _cBOOK | ||
| 980 | _aNB | ||